000 00304nam a2200121Ia 4500
008 240731s9999 xx 000 0 und d
022 _a2158-1428
245 0 _aJournal of Geoscience Education
260 _bRoutledge
856 _uhttps://www.tandfonline.com/loi/ujge20
942 _2ddc
942 _cTFEJ
999 _c77756
_d77756
945 _a1
_bMadushi Gamage
_c1
_dMadushi Gamage